[Event "SV Wattenscheid 3 - SK Werne 1"]
[Site "Verbandsklasse - Gruppe 3 202"]
[Date "2021.10.24"]
[Round "1.3"]
[White "Meya, Carsten"]
[Black "Doehmann, Joerg"]
[Result "0-1"]
[WhiteElo "1831"]
[BlackElo "1766"]
[PlyCount "74"]
[EventDate "2021.??.??"]
[WhiteTeam "SK Werne 1"]
[BlackTeam "SV Wattenscheid 3"]

1. e4 c6 2. c4 d5 3. cxd5 cxd5 4. exd5 Nf6 5. Bb5+ Nbd7 6. Nc3 g6 7. Nf3 Bg7 8.
O-O O-O 9. d4 Nb6 10. Qb3 Nbxd5 11. Bc4 e6 12. Bg5 Nxc3 13. bxc3 b6 14. Ne5 h6
15. Bc1 Nd5 16. Ba3 Ne7 17. Rfe1 Bxe5 18. Rxe5 Re8 19. Qc2 Bb7 20. Rae1 Rc8 21.
Bxe6 fxe6 22. Rxe6 Qd5 23. Rxg6+ Kf7 24. Bxe7 Rxe7 25. Rxe7+ Kxe7 26. Rg3 Rf8
27. Qe2+ Kd8 28. Qd2 Re8 29. f4 Qe4 30. Kf2 Ba6 31. Rf3 Qb1 32. Re3 Qf1+ 33.
Kg3 Rg8+ 34. Kh3 Bc8+ 35. f5 Bxf5+ 36. Kh4 Qf4+ 37. Kh5 Qg5# 0-1

[Event "SV Wattenscheid 3 - SK Werne 1"]
[Site "Verbandsklasse - Gruppe 3 202"]
[Date "2021.10.24"]
[Round "1.4"]
[White "Wolf, Ulrich"]
[Black "Hoerstrup, Robert"]
[Result "1/2-1/2"]
[WhiteElo "1998"]
[BlackElo "1713"]
[PlyCount "41"]
[EventDate "2021.??.??"]
[WhiteTeam "SV Wattenscheid 3"]
[BlackTeam "SK Werne 1"]

1. d4 Nf6 2. Nf3 g6 3. Bf4 Bg7 4. e3 d6 5. Bd3 O-O 6. O-O c6 7. Nbd2 Nbd7 8. e4
b5 9. h3 Qb6 10. Qe2 a6 11. Bh2 c5 12. e5 dxe5 13. dxe5 Nd5 14. c4 Nc7 15. cxb5
axb5 16. Be4 Bb7 17. Bxb7 Qxb7 18. Rfc1 Ne6 19. Ne4 Ra4 20. Nc3 Ra5 21. Nd2
1/2-1/2

[Event "SV Wattenscheid 3 - SK Werne 1"]
[Site "Verbandsklasse - Gruppe 3 202"]
[Date "2021.10.24"]
[Round "1.5"]
[White "Schotte, Ralf"]
[Black "Schlee, Ulrich"]
[Result "0-1"]
[WhiteElo "1707"]
[BlackElo "1779"]
[PlyCount "50"]
[EventDate "2021.??.??"]
[WhiteTeam "SK Werne 1"]
[BlackTeam "SV Wattenscheid 3"]

1. e4 e5 2. Nf3 Nc6 3. d4 exd4 4. Bc4 Nf6 5. e5 d5 6. Bb5 Ne4 7. Nxd4 Bd7 8.
Bxc6 bxc6 9. Nd2 Nxf2 10. Kxf2 Qh4+ 11. g3 Qxd4+ 12. Kg2 Bc5 13. Rf1 O-O 14.
Nf3 Qg4 15. Ng5 Qxd1 16. Rxd1 Rfe8 17. Re1 h6 18. Nf3 Bf5 19. c3 Be4 20. g4
Rxe5 21. Kg3 Re6 22. Nd4 Rf6 23. h3 Bd6+ 24. Kh4 g5+ 25. Kh5 Kh7 0-1

[Event "SV Wattenscheid 3 - SK Werne 1"]
[Site "Verbandsklasse - Gruppe 3 202"]
[Date "2021.10.24"]
[Round "1.6"]
[White "Kotulla, Guenter"]
[Black "Scharfenkamp, Bernd"]
[Result "0-1"]
[WhiteElo "1717"]
[BlackElo "1618"]
[Annotator "danie"]
[PlyCount "66"]
[EventDate "2021.??.??"]
[WhiteTeam "SV Wattenscheid 3"]
[BlackTeam "SK Werne 1"]

1. e4 e5 2. d4 exd4 3. Qxd4 Nc6 4. Qe3 b6 5. Nc3 Nb4 6. Bd3 Ba6 7. a3 Bxd3 8.
axb4 Bxc2 9. Qd4 Bb3 10. Nf3 Nf6 11. O-O d6 12. Bg5 Be7 13. Ra3 Be6 14. Rfa1
O-O $11 15. Rxa7 Rxa7 16. Rxa7 Qb8 17. Ra1 Qb7 18. Rc1 Rd8 19. b5 h6 20. Bh4
Re8 21. Ne1 Nd7 22. Bxe7 Rxe7 23. Nd3 Nc5 24. Nb4 $11 Nb3 25. Qd1 Nxc1 26. Qxc1
Re8 27. f3 Ra8 28. Ncd5 Bxd5 29. Nxd5 Kf8 30. Qc3 Rc8 31. Qb4 Qa7 32. e5 Qa5
33. Qc4 Qe1+ 0-1

[Event "SV Wattenscheid 3 - SK Werne 1"]
[Site "Verbandsklasse - Gruppe 3 202"]
[Date "2021.10.24"]
[Round "1.7"]
[White "Hoeselbarth, Thomas"]
[Black "Kraus, Tanja"]
[Result "1/2-1/2"]
[WhiteElo "1571"]
[BlackElo "1640"]
[PlyCount "86"]
[EventDate "2021.??.??"]
[WhiteTeam "SK Werne 1"]
[BlackTeam "SV Wattenscheid 3"]

1. d4 c5 2. d5 e6 3. c4 exd5 4. cxd5 d6 5. e4 g6 6. Nc3 Bg7 7. Nf3 a6 8. a4 Ne7
9. Bd3 Bg4 10. Bf4 Qb6 11. Rb1 Nd7 12. O-O O-O 13. Be2 Bxf3 14. Bxf3 Ne5 15.
Be2 Qb4 16. Bd2 Nc4 17. Bxc4 Qxc4 18. Re1 Rae8 19. Rc1 Qd4 20. Qc2 f5 21. Bf4
Nc8 22. Rcd1 Qf6 23. exf5 gxf5 24. Qb3 b6 25. Qc4 Kf7 26. Qxa6 Rxe1+ 27. Rxe1
Qd4 28. Be3 Qb4 29. Qd3 Kg8 30. Qc2 Ne7 31. Bd2 Qh4 32. g3 Qf6 33. Re6 Qf7 34.
Bf4 Bxc3 35. bxc3 Nxd5 36. Rxd6 Nxf4 37. gxf4 Qe7 38. Qd2 Kh8 39. Rd7 Rg8+ 40.
Kf1 Qe4 41. Qe3 Qc4+ 42. Rd3 Rd8 43. Ke2 Rxd3 1/2-1/2

[Event "SV Wattenscheid 3 - SK Werne 1"]
[Site "Verbandsklasse - Gruppe 3 202"]
[Date "2021.10.24"]
[Round "1.8"]
[White "Hielscher, Klaus-Peter"]
[Black "Nadrowski, Joseph"]
[Result "0-1"]
[WhiteElo "1748"]
[BlackElo "1533"]
[PlyCount "46"]
[EventDate "2021.??.??"]
[WhiteTeam "SV Wattenscheid 3"]
[BlackTeam "SK Werne 1"]

1. c4 Nf6 2. Nc3 c5 3. Nf3 g6 4. g3 Bg7 5. Bg2 O-O 6. O-O d6 7. d3 Bd7 8. Rb1
Bc6 9. a3 Nbd7 10. b4 Ne5 11. Nxe5 Bxg2 12. Kxg2 dxe5 13. bxc5 Qd4 14. Na4 Qd7
15. Qb3 e4 16. Qxb7 Qxa4 17. Qxe7 exd3 18. exd3 Rfe8 19. Qc7 Qc2 20. Rb7 Rf8
21. Bf4 Qxd3 22. Bd6 Rac8 23. Qa5 Qe4+ 0-1

[Event "SF Werden 2 - Hervest-Dorstener SK 1"]
[Site "?"]
[Date "2021.10.24"]
[Round "1"]
[White "Tig, Achmet"]
[Black "Gockel, Mirco"]
[Result "1-0"]
[WhiteElo "1967"]
[BlackElo "1926"]
[PlyCount "55"]

1. d4 Nf6 2. Nf3 e6 3. c4 c5 4. d5 b5 5. dxe6 fxe6 6. cxb5 d5 7. e3 Bd6 8. Be2
O-O 9. Nc3 Bb7 10. O-O Qe7 11. b3 Nbd7 12. Bb2 Rad8 13. Qc2 e5 14. Rac1 e4 15.
Nd2 Ne5 16. Na4 d4 17. exd4 cxd4 18. Bxd4 Nd3 19. Bxd3 Bxh2+ 20. Kxh2 Ng4+ 21.
Kg1 Qh4 22. Qc7 Rxd4 23. Bc4+ Kh8 24. Qg3 Qh6 25. Qxg4 Rxd2 26. Rcd1 Rc2 27.
Nc5 e3 28. Qf5 1-0

[Event "SF Werden 2 - Hervest-Dorstener SK 1"]
[Site "?"]
[Date "2021.10.24"]
[Round "1"]
[White "Bury, Tobias"]
[Black "Nowok, Frank"]
[Result "0-1"]
[WhiteElo "1884"]
[BlackElo "1896"]
[PlyCount "60"]

1. c4 Nf6 2. Nc3 e6 3. e4 d6 4. d4 Nbd7 5. Nf3 c5 6. d5 e5 7. h3 Be7 8. Be3 a6
9. Be2 Rb8 10. a4 Nf8 11. Qc2 Ng6 12. O-O O-O 13. Rfb1 Nh5 14. Nxe5 Nxe5 15.
Bxh5 Nxc4 16. Bc1 Bf6 17. Be2 Ne5 18. Be3 Ng6 19. Rf1 Bd7 20. a5 Qc8 21. Kh2
Re8 22. f4 Nh4 23. Bd3 Nf5 24. Bf2 Nd4 25. Qd1 b5 26. e5 dxe5 27. Ne4 Qc7 28.
Bxd4 cxd4 29. Nxf6+ gxf6 30. Rc1 Qd6 0-1

[Event "SF Werden 2 - Hervest-Dorstener SK 1"]
[Site "?"]
[Date "2021.10.24"]
[Round "1"]
[White "Hermanowski, Mark"]
[Black "Blank, Stephan"]
[Result "1/2-1/2"]
[WhiteElo "1878"]
[BlackElo "1825"]
[PlyCount "143"]

1. e4 e5 2. f4 exf4 3. Nf3 g5 4. Bc4 d6 5. O-O Nc6 6. c3 Nh6 7. d4 Bg4 8. Qb3
Na5 9. Qa4+ c6 10. Bd3 b5 11. Qa3 Be7 12. b4 Nc4 13. Bxc4 bxc4 14. Qa6 Qb6 15.
Qxc4 O-O 16. Nbd2 Be6 17. Qe2 Rae8 18. Kh1 f5 19. h4 g4 20. Ng5 Bxg5 21. hxg5
Nf7 22. Rxf4 Nxg5 23. exf5 Bxf5 24. Qf2 Ne4 25. Nxe4 Bxe4 26. Rxf8+ Rxf8 27.
Qe2 Bf5 28. Bh6 Qd8 29. Qf2 Rf7 30. Qg3 Qf6 31. Bf4 d5 32. Re1 h5 33. Bd6 Be4
34. Kg1 Qg5 35. Qe3 Qxe3+ 36. Rxe3 Kg7 37. c4 Kg6 38. a4 Rd7 39. Be5 Bc2 40.
cxd5 cxd5 41. a5 Rb7 42. Bd6 Be4 43. Rc3 h4 44. Rc8 Bd3 45. Kf2 Rf7+ 46. Ke3
Bf1 47. Rg8+ Kf5 48. Rh8 h3 49. gxh3 gxh3 50. Rb8 a6 51. Re8 Bc4 52. Rh8 Kg4
53. Rg8+ Kf5 54. Kf3 Rh7 55. Rg1 Bd3 56. Bh2 Rb7 57. Ke3 Bc4 58. Bd6 Rd7 59.
Be5 Rb7 60. Rb1 Rh7 61. Rb2 Kg4 62. Rf2 Rb7 63. Bd6 Rd7 64. Bh2 Re7+ 65. Be5
Rb7 66. Rb2 Rf7 67. Rh2 Rf3+ 68. Kd2 Rb3 69. Bd6 Rb2+ 70. Ke3 Rb3+ 71. Kf2 Rb2+
72. Ke3 1/2-1/2

[Event "SF Werden 2 - Hervest-Dorstener SK 1"]
[Site "?"]
[Date "2021.10.24"]
[Round "1"]
[White "Brixius, Dirk"]
[Black "Vengels, Joachim"]
[Result "1-0"]
[WhiteElo "1810"]
[BlackElo "1962"]
[PlyCount "95"]

1. c4 c6 2. Nf3 d5 3. e3 Nf6 4. d4 Bf5 5. Qb3 Qb6 6. Nc3 e6 7. Bd2 Nbd7 8. Nh4
Be4 9. c5 Qc7 10. f3 Bg6 11. Be2 Be7 12. Kf2 Ng4+ 13. fxg4 Bxh4+ 14. g3 Be7 15.
Raf1 e5 16. Ke1 O-O-O 17. a4 Kb8 18. a5 Ka8 19. Qa4 Rde8 20. b4 a6 21. Qa1 Bf6
22. Na4 Re7 23. Nb6+ Ka7 24. Kd1 Rhe8 25. Re1 Nf8 26. Rhf1 h6 27. b5 cxb5 28.
Nxd5 Qd7 29. Nxe7 Rxe7 30. Bf3 exd4 31. exd4 Rxe1+ 32. Rxe1 Bxd4 33. Qc1 Ne6
34. c6 bxc6 35. Qxc6 Qxc6 36. Bxc6 Kb8 37. Be8 Kc7 38. Rxe6 fxe6 39. Bxg6 Kd6
40. Kc2 Kd5 41. g5 hxg5 42. Bxg5 e5 43. Kd3 b4 44. Be7 Bc3 45. Be4+ Ke6 46. Bc5
Be1 47. Bb7 b3 48. Bb6 1-0

[Event "SF Werden 2 - Hervest-Dorstener SK 1"]
[Site "?"]
[Date "2021.10.24"]
[Round "1"]
[White "Hater, Norbert"]
[Black "Mann, BoldizsÃ¡r"]
[Result "0-1"]
[WhiteElo "1858"]
[BlackElo "1607"]
[PlyCount "102"]

1. d4 d5 2. e4 c6 3. Nc3 dxe4 4. f3 Nf6 5. fxe4 e5 6. dxe5 Qxd1+ 7. Nxd1 Nxe4
8. Bd3 Bf5 9. Nf3 Bg6 10. O-O Bc5+ 11. Be3 O-O 12. Nh4 Bxe3+ 13. Nxe3 Nc5 14.
Nxg6 hxg6 15. Bc4 Nbd7 16. Ng4 Rae8 17. Rae1 Re7 18. b4 Ne6 19. Rf2 Nb6 20.
Bxe6 Rxe6 21. Rfe2 Rd8 22. Kf2 Rd4 23. Re4 Rxe4 24. Rxe4 f5 25. Re2 fxg4 26.
Kg3 Nc4 27. Kf4 g5+ 28. Kxg4 Rxe5 29. Rf2 Nd6 30. Kh5 Rf5 31. Rd2 Rf6 32. Re2
Rh6+ 33. Kxg5 Rxh2 34. Kg4 Kf7 35. Rf2+ Ke6 36. Kf3 Rh4 37. c3 Nb5 38. Re2+ Kd5
39. Re7 b6 40. Rxg7 Nxc3 41. Rxa7 Rxb4 42. g4 Ne4 43. a4 Ng5+ 44. Kg3 Ke5 45.
a5 bxa5 46. Rxa5+ Rb5 47. Ra6 Rc5 48. Kh4 Kf6 49. Ra4 Rc3 50. Rf4+ Kg6 51. Rf3
Nxf3+ 0-1

[Event "SF Werden 2 - Hervest-Dorstener SK 1"]
[Site "?"]
[Date "2021.10.24"]
[Round "1"]
[White "Rother, Josef"]
[Black "BÃ¼sken, Klaus"]
[Result "1/2-1/2"]
[WhiteElo "1756"]
[BlackElo "1834"]
[PlyCount "53"]

1. d4 d5 2. Bg5 h6 3. Bf4 Nf6 4. c4 e6 5. e3 Bd6 6. Bxd6 cxd6 7. Nc3 dxc4 8.
Bxc4 O-O 9. Nf3 b6 10. O-O Bb7 11. d5 e5 12. e4 Ba6 13. Bxa6 Nxa6 14. Qe2 Nc7
15. Rac1 Qd7 16. Nd2 Nh7 17. f4 exf4 18. Rxf4 f6 19. Nb3 Ng5 20. Nd4 Nf7 21.
Ncb5 Rfc8 22. Nxc7 Rxc7 23. Rxc7 Qxc7 24. Ne6 Qd7 25. Rg4 Ng5 26. Nd4 Re8 27.
Rf4 1/2-1/2

[Event "SF Werden 2 - Hervest-Dorstener SK 1"]
[Site "?"]
[Date "2021.10.24"]
[Round "1"]
[White "Kudsin, Alexander"]
[Black "Eggebrecht, Stefan"]
[Result "1/2-1/2"]
[WhiteElo "1794"]
[BlackElo "1763"]
[PlyCount "53"]

1. d4 d5 2. Nf3 c6 3. e3 Nf6 4. c4 e6 5. Bd3 dxc4 6. Bxc4 Be7 7. Nc3 O-O 8. Bd3
Nbd7 9. O-O c5 10. h3 b6 11. Ne5 Bb7 12. f4 cxd4 13. exd4 Nd5 14. Nxd5 Bxd5 15.
Qh5 Nf6 16. Qe2 Be4 17. Be3 Bxd3 18. Qxd3 Rc8 19. Rac1 Bd6 20. Rxc8 Qxc8 21.
Rc1 Qb7 22. f5 Qd5 23. fxe6 Bxe5 24. exf7+ Kxf7 25. Rf1 Kg8 26. Rf5 Re8 27. Qc2
1/2-1/2

[Event "SF Werden 2 - Hervest-Dorstener SK 1"]
[Site "?"]
[Date "2021.10.24"]
[Round "1"]
[White "Hunecke, Hans-JÃ¼rgen"]
[Black "Nashir, Ramin"]
[Result "1/2-1/2"]
[WhiteElo "1718"]
[BlackElo "1562"]
[PlyCount "73"]

1. e4 e6 2. d4 d5 3. Nc3 Nf6 4. e5 Nfd7 5. f4 c5 6. Nf3 Nc6 7. Be3 Qb6 8. Na4
Qa5+ 9. c3 cxd4 10. Nxd4 Nc5 11. Nxc5 Qxc5 12. Qd2 Nxd4 13. Bxd4 Qc7 14. Bd3
Bc5 15. O-O f5 16. exf6 Bxd4+ 17. cxd4 gxf6 18. f5 e5 19. dxe5 fxe5 20. Rac1
Qb6+ 21. Kh1 Rf8 22. Qg5 Qf6 23. Qxf6 Rxf6 24. g4 e4 25. Bb5+ Kf8 26. Rcd1 Rd6
27. Rd4 Bd7 28. Bxd7 Rxd7 29. Rfd1 Rad8 30. Kg2 Kf7 31. Kg3 Kf6 32. Kf4 h6 33.
h4 b6 34. g5+ hxg5+ 35. hxg5+ Kf7 36. Rh1 Rg8 37. Rhd1 1/2-1/2

[Event "Bochumer SV 3 - SV Eichlinghofen 1"]
[Site "Verbandsklasse - Gruppe 3 202"]
[Date "2021.10.24"]
[Round "1.1"]
[White "Watzlawek, Markus"]
[Black "Hofer, Stefan"]
[Result "1/2-1/2"]
[WhiteElo "2048"]
[BlackElo "1790"]
[PlyCount "46"]
[EventDate "2021.??.??"]
[WhiteTeam "SV Eichlinghofen 1"]
[BlackTeam "Bochumer SV 3"]

1. d4 Nf6 2. c4 g6 3. Nc3 d5 4. Nf3 Bg7 5. Bg5 Ne4 6. cxd5 Nxg5 7. Nxg5 e6 8.
Qd2 exd5 9. Qe3+ Kf8 10. Qf4 Qd7 11. e4 h6 12. Nf3 dxe4 13. Nxe4 Qf5 14. Qe3
Qa5+ 15. Nc3 Nc6 16. Bb5 Bd7 17. O-O Kg8 18. Rfe1 Kh7 19. Qf4 Rhf8 20. a3 Rad8
21. Rad1 Bf5 22. Bxc6 bxc6 23. Ne5 Qb6 1/2-1/2

[Event "Bochumer SV 3 - SV Eichlinghofen 1"]
[Site "Verbandsklasse - Gruppe 3 202"]
[Date "2021.10.24"]
[Round "1.2"]
[White "Fraenkel, Karlheinz"]
[Black "Brockmann, Michael"]
[Result "0-1"]
[WhiteElo "1831"]
[BlackElo "2050"]
[PlyCount "136"]
[EventDate "2021.??.??"]
[WhiteTeam "Bochumer SV 3"]
[BlackTeam "SV Eichlinghofen 1"]

1. e4 c5 2. c3 d5 3. e5 d4 4. f4 Nc6 5. d3 g5 6. c4 Qc7 7. Nf3 Bg4 8. Be2 gxf4
9. Bxf4 Bg7 10. Nbd2 Nxe5 11. O-O Nxf3+ 12. Bxf3 Qxf4 13. Bxg4 Qe3+ 14. Kh1 Nf6
15. Bf3 O-O 16. Ne4 Rac8 17. Nxf6+ Bxf6 18. Be4 Qg5 19. Rf5 Qg7 20. Rh5 h6 21.
Qf3 e6 22. Rf1 Bg5 23. b3 b6 24. Rh3 f5 25. Bb7 Rc7 26. Ba6 Qf6 27. Re1 Re7 28.
Bb7 Kh8 29. Bc6 Be3 30. Qe2 Rg7 31. Rf1 Rg5 32. Rh5 Rg7 33. Rh3 Rg6 34. Bf3
Rfg8 35. a3 a5 36. a4 Qg7 37. Rh5 Rg5 38. Rh4 Qe7 39. Rxh6+ Kg7 40. Rh3 Rh8 41.
Rxh8 Kxh8 42. Bc6 Rg6 43. Rf3 Rh6 44. Rh3 Rxh3 45. gxh3 Qg5 46. Bg2 Kg7 47. Qf3
Kf6 48. Qg3 Bf4 49. Qf3 Bd6 50. Qf2 Qc1+ 51. Bf1 Qf4 52. Qe2 e5 53. Kg1 e4 54.
dxe4 fxe4 55. Bg2 Qxh2+ 56. Kf1 Qf4+ 57. Kg1 Qc1+ 58. Bf1 Qg5+ 59. Bg2 Qc1+ 60.
Bf1 Qf4 61. Qf2 Qxf2+ 62. Kxf2 Bf4 63. Ke2 d3+ 64. Kd1 Ke5 65. h4 Kd4 66. h5
Kc3 67. Bg2 e3 68. Bf3 Kxb3 0-1

[Event "Bochumer SV 3 - SV Eichlinghofen 1"]
[Site "Verbandsklasse - Gruppe 3 202"]
[Date "2021.10.24"]
[Round "1.3"]
[White "Dreier, Daniel"]
[Black "Candogan, Yavus"]
[Result "1-0"]
[WhiteElo "1845"]
[BlackElo "1752"]
[PlyCount "43"]
[EventDate "2021.??.??"]
[WhiteTeam "SV Eichlinghofen 1"]
[BlackTeam "Bochumer SV 3"]

1. e4 c5 2. d4 cxd4 3. c3 dxc3 4. Nxc3 Nc6 5. f4 e6 6. Nf3 Bb4 7. Bd3 d5 8.
exd5 exd5 9. O-O Nge7 10. f5 f6 11. Nh4 Bxc3 12. bxc3 Ne5 13. Qh5+ Nf7 14. Re1
O-O 15. Re3 Ng5 16. Ba3 Rf7 17. Rae1 Be6 18. fxe6 Rf8 19. Nf5 Re8 20. Nxe7+
Rxe7 21. Bxe7 Qxe7 22. h4 1-0

[Event "Bochumer SV 3 - SV Eichlinghofen 1"]
[Site "Verbandsklasse - Gruppe 3 202"]
[Date "2021.10.24"]
[Round "1.4"]
[White "Hartenberg, Yannick"]
[Black "Wloka, Sebastian"]
[Result "1/2-1/2"]
[WhiteElo "1671"]
[BlackElo "1866"]
[PlyCount "90"]
[EventDate "2021.??.??"]
[WhiteTeam "Bochumer SV 3"]
[BlackTeam "SV Eichlinghofen 1"]

1. e4 c5 2. Bc4 e6 3. Nc3 Nc6 4. Nf3 Nf6 5. O-O a6 6. a4 d5 7. exd5 exd5 8.
Re1+ Be7 9. Ba2 Bg4 10. h3 Be6 11. d3 h6 12. Bf4 O-O 13. Ne5 Nd4 14. Ne2 Nf5
15. Ng3 Nxg3 16. Bxg3 Bd6 17. Qf3 Qc7 18. Re2 b5 19. c4 d4 20. cxb5 Bxa2 21. b6
Qxb6 22. Rxa2 Bxe5 23. Bxe5 Nd7 24. Bxg7 Kxg7 25. Qg4+ Qg6 26. Qxd7 Qxd3 27.
Qg4+ Kh7 28. Re4 Rg8 29. Qf5+ Kh8 30. Qf6+ Rg7 31. Rg4 Qh7 32. Ra3 Rag8 33.
Rag3 d3 34. Rh4 d2 35. Rd3 Qxd3 36. Rxh6+ Qh7 37. Rxh7+ Kxh7 38. Qh4+ Kg6 39.
Qg4+ Kf6 40. Qf3+ Ke5 41. Qe2+ Kf5 42. g4+ Rxg4+ 43. hxg4+ Rxg4+ 44. Kf1 Rd4
45. Qd1 Kf4 1/2-1/2

[Event "Bochumer SV 3 - SV Eichlinghofen 1"]
[Site "Verbandsklasse - Gruppe 3 202"]
[Date "2021.10.24"]
[Round "1.5"]
[White "Richter, Jan"]
[Black "Czarnetzki, Iori"]
[Result "0-1"]
[WhiteElo "1852"]
[BlackElo "1662"]
[PlyCount "132"]
[EventDate "2021.??.??"]
[WhiteTeam "SV Eichlinghofen 1"]
[BlackTeam "Bochumer SV 3"]

1. c4 Nf6 2. Nf3 g6 3. g3 Bg7 4. Bg2 O-O 5. O-O c6 6. Nc3 d5 7. e3 Re8 8. d4
Nbd7 9. cxd5 cxd5 10. b3 Nb6 11. a4 Bf5 12. Ba3 Rc8 13. Qd2 Ne4 14. Nxe4 Bxe4
15. Rac1 Qd7 16. Bc5 Rc6 17. Rc3 Rec8 18. Rfc1 Qc7 19. Bb4 Rxc3 20. Rxc3 Qd7
21. a5 Rxc3 22. Qxc3 Nc8 23. Kf1 a6 24. Ke2 Na7 25. Bf1 Nc6 26. Nd2 Bf5 27. f4
f6 28. Bc5 e5 29. Nf3 exf4 30. gxf4 Be4 31. Kf2 g5 32. b4 gxf4 33. exf4 Bh6 34.
Nd2 Bxf4 35. Nxe4 dxe4 36. d5 Ne5 37. d6 Bxh2 38. Bh3 f5 39. Qb3+ Kg7 40. Kg2
Bf4 41. Qd5 Kf6 42. Qg8 Ng6 43. Qd5 Be5 44. Qxe4 Nf4+ 45. Kh1 Nxh3 46. Qh4+ Kg6
47. Qxh3 Qc6+ 48. Kg1 Qd5 49. Qf1 Bd4+ 50. Kh2 Bxc5 51. bxc5 Qxc5 52. Qd3 Qf2+
53. Kh3 Kh5 54. Qd1+ Kg6 55. Qd3 Kh5 56. d7 Qh4+ 57. Kg2 Qd8 58. Qxf5+ Kh6 59.
Qe6+ Kg7 60. Qe8 Qg5+ 61. Kf3 Qd5+ 62. Ke3 Qc5+ 63. Ke4 Qc2+ 64. Ke5 Qc5+ 65.
Ke6 Qc6+ 66. Ke7 Qf6# 0-1

[Event "Bochumer SV 3 - SV Eichlinghofen 1"]
[Site "Verbandsklasse - Gruppe 3 202"]
[Date "2021.10.24"]
[Round "1.6"]
[White "Fresen, Hans-Juergen"]
[Black "Dekhtyaryuk, Dimitri"]
[Result "1/2-1/2"]
[WhiteElo "1847"]
[BlackElo "1827"]
[PlyCount "155"]
[EventDate "2021.??.??"]
[WhiteTeam "Bochumer SV 3"]
[BlackTeam "SV Eichlinghofen 1"]

1. e4 c5 2. Nf3 g6 3. d4 cxd4 4. Nxd4 Bg7 5. Nc3 Nc6 6. Be3 Nf6 7. Nxc6 bxc6 8.
e5 Ng8 9. Bd4 e6 10. Ne4 Qa5+ 11. Bc3 Qd5 12. Nd6+ Kf8 13. Qxd5 cxd5 14. Bb5
Ne7 15. Nxc8 Rxc8 16. Bxd7 Rc7 17. Bb5 d4 18. Bxd4 Rxc2 19. O-O Bh6 20. Bc3 Bd2
21. Ba4 Rxc3 22. bxc3 Bxc3 23. Rad1 Bxe5 24. Rd7 Nc8 25. f4 Bb2 26. Rb1 Ba3 27.
Rbb7 Nd6 28. Rbc7 a5 29. Bb3 h5 30. Kf1 h4 31. Rc6 Nf5 32. Rc8+ Kg7 33. Rxh8
Kxh8 34. Rxf7 Ne3+ 35. Kf2 Ng4+ 36. Ke2 e5 37. fxe5 Nxe5 38. Ra7 Bb4 39. h3 g5
40. Bc2 Kg8 41. Rb7 Nc6 42. Kf3 Nd4+ 43. Kg4 Nxc2 44. Kxg5 Be1 45. Re7 Bg3 46.
Re4 Kf7 47. Ra4 Be1 48. Rc4 Na3 49. Re4 Bg3 50. Ra4 Nc2 51. Rxa5 Ne3 52. Ra6
Nxg2 53. a4 Ke7 54. Rc6 Kd7 55. Rc4 Bc7 56. Rc2 Bd8+ 57. Kh5 Nf4+ 58. Kg4 Nd5
59. Rd2 Kc6 60. a5 Ne3+ 61. Kf4 Bxa5 62. Kxe3 Bxd2+ 63. Kxd2 Kd5 64. Kd3 Ke5
65. Ke3 Kf5 66. Kf3 Kg5 67. Ke4 Kh6 68. Kf5 Kh7 69. Kg5 Kh8 70. Kxh4 Kh7 71.
Kh5 Kh8 72. Kh6 Kg8 73. Kg6 Kh8 74. h4 Kg8 75. h5 Kh8 76. h6 Kg8 77. h7+ Kh8
78. Kh6 1/2-1/2

[Event "Bochumer SV 3 - SV Eichlinghofen 1"]
[Site "Verbandsklasse - Gruppe 3 202"]
[Date "2021.10.24"]
[Round "1.7"]
[White "Grewe, Markus"]
[Black "Grone, Pierre"]
[Result "1-0"]
[WhiteElo "1824"]
[BlackElo "1417"]
[PlyCount "79"]
[EventDate "2021.??.??"]
[WhiteTeam "SV Eichlinghofen 1"]
[BlackTeam "Bochumer SV 3"]

1. e4 c5 2. b4 e6 3. Bb2 cxb4 4. d4 d5 5. Bd3 Nf6 6. e5 Nfd7 7. f4 Nb6 8. Nd2
Be7 9. Ne2 O-O 10. O-O Nc6 11. Rf3 Na4 12. Bc1 Nc3 13. Nxc3 bxc3 14. Bxh7+ Kxh7
15. Rh3+ Kg8 16. Qh5 f5 17. Nf3 Qe8 18. Qh7+ Kf7 19. g4 Rg8 20. gxf5 exf5 21.
Rb1 Ke6 22. Rb3 Qf7 23. Rxc3 Kd7 24. Ba3 Kd8 25. Bxe7+ Kxe7 26. Ng5 Qe8 27. e6
Kd6 28. Rhe3 Kc7 29. Qxf5 Kd6 30. Rc5 Rf8 31. Qxd5+ Kc7 32. Qe5+ Kd8 33. Rxc6
Qxc6 34. e7+ Ke8 35. exf8=Q+ Kxf8 36. Qe7+ Kg8 37. Qf7+ Kh8 38. Qh5+ Kg8 39.
Qh7+ Kf8 40. Qh8# 1-0

[Event "Bochumer SV 3 - SV Eichlinghofen 1"]
[Site "Verbandsklasse - Gruppe 3 202"]
[Date "2021.10.24"]
[Round "1.8"]
[White "Meiler, Wolfgang"]
[Black "Keku, Helidon"]
[Result "0-1"]
[WhiteElo "1202"]
[BlackElo "1642"]
[PlyCount "66"]
[EventDate "2021.??.??"]
[WhiteTeam "Bochumer SV 3"]
[BlackTeam "SV Eichlinghofen 1"]

1. d4 g6 2. c4 Bg7 3. Nf3 d6 4. e3 Nd7 5. Bd3 e5 6. d5 Ne7 7. e4 O-O 8. O-O f5
9. exf5 gxf5 10. Bc2 Ng6 11. Ng5 Nf6 12. Ne6 Bxe6 13. dxe6 Qe7 14. Bxf5 Nh4 15.
Bh3 h6 16. Re1 Nh7 17. Re3 Ng5 18. Bg4 Nxe6 19. Nc3 Nd4 20. Ne2 Qf7 21. f3 h5
22. Nxd4 hxg4 23. Nc2 gxf3 24. g3 Qxc4 25. Qf1 f2+ 26. Qxf2 Rxf2 27. Kxf2 Rf8+
28. Ke1 Ng2+ 29. Kd1 Rf1+ 30. Ne1 Nxe3+ 31. Bxe3 Qd3+ 32. Bd2 Bh6 33. Kc1 Rxe1#
0-1

[Event "SW Oberhausen 1 - SV Sterkrade-Nord 2"]
[Site "Verbandsklasse - Gruppe 3 202"]
[Date "2021.10.24"]
[Round "1.2"]
[White "Hortolani, Sven-Holger"]
[Black "Drescher, Roland"]
[Result "0-1"]
[WhiteElo "2026"]
[BlackElo "1937"]
[PlyCount "62"]
[EventDate "2021.??.??"]
[WhiteTeam "SW Oberhausen 1"]
[BlackTeam "SV Sterkrade-Nord 2"]

1. Nf3 d5 2. g3 e6 3. Bg2 Nf6 4. c4 a6 5. O-O Be7 6. b3 b6 7. Bb2 Bb7 8. Qc2 c5
9. d3 Nbd7 10. cxd5 exd5 11. Nbd2 O-O 12. e4 d4 13. Nh4 g6 14. Rae1 Re8 15. h3
b5 16. e5 Nd5 17. Ndf3 Bxh4 18. Nxh4 Nb4 19. Qe2 Bxg2 20. Nxg2 Nxe5 21. Nf4
Nexd3 22. Qd2 Rxe1 23. Rxe1 Nxe1 24. Qxe1 Nxa2 25. Qe5 Qe8 26. Qxc5 Qe1+ 27.
Kg2 Nc3 28. Bxc3 dxc3 29. Nd5 Qe4+ 30. Kh2 Qe6 31. Qd4 c2 0-1

[Event "SW Oberhausen 1 - SV Sterkrade-Nord 2"]
[Site "Verbandsklasse - Gruppe 3 202"]
[Date "2021.10.24"]
[Round "1.3"]
[White "Labuda, Markus"]
[Black "Puetter, Pascal"]
[Result "1/2-1/2"]
[WhiteElo "1946"]
[BlackElo "1980"]
[PlyCount "38"]
[EventDate "2021.??.??"]
[WhiteTeam "SV Sterkrade-Nord 2"]
[BlackTeam "SW Oberhausen 1"]

1. d4 d5 2. Bf4 Nf6 3. e3 c5 4. c3 Nc6 5. Nf3 Qb6 6. Qb3 c4 7. Qc2 Bf5 8. Qc1
e6 9. h3 h6 10. Be2 Be7 11. Nbd2 Rc8 12. O-O g5 13. Bh2 Rg8 14. b3 cxb3 15.
axb3 g4 16. hxg4 Bxg4 17. c4 Ne4 18. Re1 Nxd2 19. Nxd2 Bxe2 1/2-1/2

[Event "SW Oberhausen 1 - SV Sterkrade-Nord 2"]
[Site "Verbandsklasse - Gruppe 3 202"]
[Date "2021.10.24"]
[Round "1.4"]
[White "Kuckelkorn, Joerg"]
[Black "Altenburg, Frank"]
[Result "1/2-1/2"]
[WhiteElo "1861"]
[BlackElo "1853"]
[Annotator "daniel"]
[PlyCount "75"]
[EventDate "2021.??.??"]
[WhiteTeam "SW Oberhausen 1"]
[BlackTeam "SV Sterkrade-Nord 2"]

1. f4 d5 2. Nf3 g6 3. g3 Bg7 4. Bg2 c6 5. O-O Nh6 6. e3 O-O 7. Nc3 Nd7 8. d4 f6
9. e4 dxe4 10. Nxe4 Nf7 11. c3 Nb6 12. b3 Qc7 13. Re1 Re8 14. Bd2 e5 $11 15.
Rc1 Bg4 16. fxe5 fxe5 17. dxe5 Nxe5 18. Bf4 Rad8 19. Bxe5 Bxe5 20. Qc2 Bg7 21.
c4 Bf5 22. Nh4 Bxe4 23. Rxe4 Rxe4 24. Qxe4 Qe5 25. Qxe5 Bxe5 26. Nf3 Bf6 27.
Re1 Kf8 28. Bh3 Nd7 29. Rf1 Ke7 30. Re1+ Kd6 31. Re6+ Kc7 32. Kg2 Rf8 33. Nd2
Nc5 34. Re2 Kd8 35. b4 Nd3 36. b5 c5 37. Nf3 Kc7 38. Re6 1/2-1/2

[Event "SW Oberhausen 1 - SV Sterkrade-Nord 2"]
[Site "Verbandsklasse - Gruppe 3 202"]
[Date "2021.10.24"]
[Round "1.5"]
[White "Matthies, Jochen"]
[Black "Kyas, Jens-Stefan"]
[Result "1-0"]
[WhiteElo "1747"]
[BlackElo "1832"]
[Annotator "danie"]
[PlyCount "65"]
[EventDate "2021.??.??"]
[WhiteTeam "SV Sterkrade-Nord 2"]
[BlackTeam "SW Oberhausen 1"]

1. d4 f5 2. Nf3 Nf6 3. g3 e6 4. Bg2 d5 5. O-O Bd6 6. c4 c6 7. cxd5 exd5 8. Nc3
O-O 9. Bg5 Nbd7 10. Qd2 Qe8 11. Bxf6 Nxf6 12. e3 Ne4 13. Qe2 Rf6 14. Nd2 Rh6
15. f4 Qg6 16. Nf3 Be6 17. Ne5 Qf6 18. Nxe4 fxe4 19. Ng4 $11 Bxg4 20. Qxg4 Qe7
21. a3 Rg6 22. Qe2 c5 23. dxc5 Bxc5 24. Rfd1 Rd8 25. b4 Bb6 26. Rac1 Rgd6 27.
Kh1 d4 28. exd4 Rxd4 29. Rxd4 Rxd4 30. Qa2+ Kf8 31. Qc2 e3 32. Qf5+ Kg8 33.
Bd5+ {ZÃo} 1-0